[Event "SVK-ch U08"]
[Site "Liptovsky Mikulas"]
[Date "2017.04.26"]
[Round "7"]
[White "Stolar, Florian"]
[Black "Hudak, Michal"]
[Result "0-1"]
[WhiteElo "1000"]
[BlackElo "1000"]
[PlyCount "52"]
[EventDate "2017.04.22"]
[EventType "swiss"]
[EventRounds "9"]
[EventCountry "SVK"]
[SourceTitle "CBM 178 Extra"]
[Source "ChessBase"]
[SourceDate "2017.06.22"]
[SourceVersion "1"]
[SourceVersionDate "2017.06.22"]
[SourceQuality "1"]

1. e4 c5 2. Nf3 Nc6 3. Nc3 e5 4. Bb5 d6 5. d3 Nf6 6. 0-0 Be7 7. Nd5 0-0 8. Bxc6 bxc6 9. Nxf6+ Bxf6 10. Bg5 Bxg5 11. Nxg5 Qxg5 12. Qc1 Qg6 13. Qe3 f5 14. Qg3 Qh5 15. f4 fxe4 16. fxe5 Rxf1+ 17. Rxf1 exd3 18. Qf2 Be6 19. exd6 Qd5 20. cxd3 Qxd3 21. Qxc5 Rd8 22. Qxa7 Rxd6 23. Qa8+ Rd8 24. Qxc6 Qe2 25. a4 Bd5 26. Qc7 Qxg2# 0-1

[Event "SVK-ch U08"]
[Site "Liptovsky Mikulas"]
[Date "2017.04.24"]
[Round "4"]
[White "Stolar, Florian"]
[Black "Stelbasky, Filip"]
[Result "1-0"]
[WhiteElo "1000"]
[BlackElo "1009"]
[PlyCount "45"]
[EventDate "2017.04.22"]
[EventType "swiss"]
[EventRounds "9"]
[EventCountry "SVK"]
[SourceTitle "CBM 178 Extra"]
[Source "ChessBase"]
[SourceDate "2017.06.22"]
[SourceVersion "1"]
[SourceVersionDate "2017.06.22"]
[SourceQuality "1"]

1. e4 e5 2. Nf3 Nc6 3. Nc3 Nf6 4. Bb5 Bc5 5. 0-0 0-0 6. h3 d6 7. d3 Nh5 8. Bxc6 bxc6 9. Bg5 Qd7 10. Na4 Nf4 11. Bxf4 exf4 12. e5 dxe5 13. Nxc5 Qd5 14. Ne4 Re8 15. c4 Qd7 16. b3 Re6 17. Nc5 Qe7 18. Nxe6 Bxe6 19. Nxe5 Qa3 20. Nxc6 Bxh3 21. gxh3 Re8 22. Re1 Rb8 23. Nxb8 1-0

[Event "SVK-ch U08"]
[Site "Liptovsky Mikulas"]
[Date "2017.04.22"]
[Round "1"]
[White "Stolar, Florian"]
[Black "Dolnik, Michal"]
[Result "1-0"]
[WhiteElo "1000"]
[BlackElo "1000"]
[PlyCount "45"]
[EventDate "2017.04.22"]
[EventType "swiss"]
[EventRounds "9"]
[EventCountry "SVK"]
[SourceTitle "CBM 178 Extra"]
[Source "ChessBase"]
[SourceDate "2017.06.22"]
[SourceVersion "1"]
[SourceVersionDate "2017.06.22"]
[SourceQuality "1"]

1. e4 e5 2. Nf3 Nf6 3. Nc3 Nc6 4. Bb5 d6 5. d3 Bg4 6. h3 Bh5 7. 0-0 a6 8. Bxc6+ bxc6 9. Bg5 Be7 10. Bxf6 Bxf6 11. a4 Bg5 12. b4 0-0 13. b5 axb5 14. axb5 Rxa1 15. Qxa1 Qf6 16. Nxg5 Qxg5 17. g3 Bf3 18. h4 Qh5 19. Kh2 Qg4 20. bxc6 Re8 21. Rg1 h6 22. Nd5 Re6 23. Qa8+ 1-0

[Event "SVK-ch U08"]
[Site "Liptovsky Mikulas"]
[Date "2016.04.19"]
[Round "5"]
[White "Stolar, Florian"]
[Black "Kusy, Adam"]
[Result "0-1"]
[WhiteElo "1000"]
[BlackElo "1069"]
[PlyCount "76"]
[EventDate "2016.04.16"]
[EventType "swiss"]
[EventRounds "9"]
[EventCountry "SVK"]
[SourceTitle "CBM 172 Extra"]
[Source "ChessBase"]
[SourceDate "2016.06.21"]
[SourceVersion "1"]
[SourceVersionDate "2016.06.21"]
[SourceQuality "1"]

1. e4 e5 2. Nf3 Nc6 3. Nc3 Bc5 4. Bc4 Nf6 5. h3 d6 6. 0-0 Be6 7. Bxe6 fxe6 8. Ng5 0-0 9. Qf3 Nd7 10. Qh5 Nf6 11. Qh4 Qe8 12. d3 h6 13. Nf3 d5 14. Bxh6 gxh6 15. Qxh6 Kf7 16. Ng5+ Ke7 17. Qg7+ Kd8 18. Nxe6+ Qxe6 19. Qxf8+ Bxf8 20. exd5 Nxd5 21. Ne4 Ncb4 22. Ng5 Qg6 23. Nf3 Nxc2 24. Rac1 Ncb4 25. a3 Na6 26. Rc2 Bh6 27. Nh4 Qg7 28. Rfc1 Bxc1 29. Rxc1 Kd7 30. b4 Qg5 31. g3 Qxc1+ 32. Kg2 Rf8 33. Nf3 Qd1 34. h4 Qxf3+ 35. Kh3 Qxf2 36. h5 Rg8 37. g4 Rf8 38. h6 Rf3# 0-1

[Event "SVK-ch U08"]
[Site "Liptovsky Mikulas"]
[Date "2016.04.17"]
[Round "2"]
[White "Boba, Kristian"]
[Black "Stolar, Florian"]
[Result "1-0"]
[WhiteElo "1000"]
[BlackElo "1000"]
[PlyCount "77"]
[EventDate "2016.04.16"]
[EventType "swiss"]
[EventRounds "9"]
[EventCountry "SVK"]
[SourceTitle "CBM 172 Extra"]
[Source "ChessBase"]
[SourceDate "2016.06.21"]
[SourceVersion "1"]
[SourceVersionDate "2016.06.21"]
[SourceQuality "1"]

1. e4 e5 2. Nf3 Nc6 3. Nc3 Nf6 4. Bc4 Bb4 5. Ng5 0-0 6. Nf3 h6 7. d3 d6 8. Bd2 Bxc3 9. bxc3 Bd7 10. Rb1 Rb8 11. 0-0 Bg4 12. h3 Bh5 13. Qe2 a6 14. Qe3 b5 15. Bb3 a5 16. a3 a4 17. Ba2 Bxf3 18. Qxf3 Na5 19. c4 c6 20. Rb2 Nd7 21. cxb5 cxb5 22. Rfb1 Ra8 23. Rxb5 Nf6 24. Bd5 Rc8 25. Bxa5 Qd7 26. Rb7 Qe8 27. R1b6 Rxc2 28. Rxd6 Rc1+ 29. Kh2 Rc5 30. Bb6 Rc3 31. Rd8 Qb5 32. Rxf8+ Kxf8 33. Rb8+ Ke7 34. Rb7+ Kf8 35. Rxf7+ Kg8 36. Rxf6+ Kh8 37. Rf8+ Kh7 38. Qf5+ g6 39. Qf7# 1-0

[Event "SVK-ch U08"]
[Site "Tatralandia"]
[Date "2015.04.24"]
[Round "8"]
[White "Rakasz, Botond"]
[Black "Stolar, Florian"]
[Result "1-0"]
[WhiteElo "1000"]
[BlackElo "1000"]
[PlyCount "59"]
[EventDate "2015.04.18"]
[EventType "tourn"]
[EventRounds "9"]
[EventCountry "SVK"]
[SourceTitle "CBM 166 Extra"]
[Source "ChessBase"]
[SourceDate "2015.06.18"]
[SourceVersion "1"]
[SourceVersionDate "2015.06.18"]
[SourceQuality "1"]

1. d4 d5 2. Nf3 Nc6 3. Nc3 Nf6 4. e3 e6 5. Bd3 Bd6 6. Bd2 0-0 7. 0-0 b6 8. a3 a6 9. Qe2 Na5 10. b3 Bb7 11. h3 Bc6 12. Bxa6 Qe7 13. Bc1 Nh5 14. Bd3 Nb7 15. Re1 Bxa3 16. Bxa3 Rxa3 17. Ba6 Rxa1 18. Rxa1 Ra8 19. Ne5 Qd6 20. Nxc6 Qxc6 21. Qb5 Qxc3 22. Bxb7 Rxa1+ 23. Kh2 h6 24. Qe8+ Kh7 25. Qxf7 Qxc2 26. Qxe6 Qxb3 27. Qf5+ Kg8 28. Qxh5 Qb2 29. Bxd5+ Kf8 30. Qf7# 1-0

[Event "SVK-ch U08"]
[Site "Tatralandia"]
[Date "2015.04.21"]
[Round "5"]
[White "Stolar, Florian"]
[Black "Musaev, Matej Elbek"]
[Result "0-1"]
[WhiteElo "1000"]
[BlackElo "1103"]
[PlyCount "36"]
[EventDate "2015.04.18"]
[EventType "tourn"]
[EventRounds "9"]
[EventCountry "SVK"]
[SourceTitle "CBM 166 Extra"]
[Source "ChessBase"]
[SourceDate "2015.06.18"]
[SourceVersion "1"]
[SourceVersionDate "2015.06.18"]
[SourceQuality "1"]

1. e4 e5 2. Nf3 Nc6 3. Bc4 Bc5 4. 0-0 d6 5. Nc3 Nf6 6. d3 h6 7. Bd2 Bg4 8. Be1 Nd4 9. b3 Nxf3+ 10. gxf3 Bh3 11. Bd2 0-0 12. Re1 Nh5 13. Rb1 Nf4 14. Bxf4 exf4 15. Kh1 Bxf2 16. Re2 Bb6 17. Nb5 Qg5 18. Re1 Qg2# 0-1